<?xml version="1.0" encoding="UTF-8"?>
<collection xmlns="http://www.loc.gov/MARC21/slim">
 <record>
  <leader>01854nam a2200229 a 4500</leader>
  <controlfield tag="001">1/44160</controlfield>
  <controlfield tag="008">140108s2005    gr       b    00010 gre  </controlfield>
  <datafield tag="020" ind1=" " ind2=" ">
   <subfield code="a">9603515760</subfield>
  </datafield>
  <datafield tag="035" ind1=" " ind2=" ">
   <subfield code="l">47100</subfield>
  </datafield>
  <datafield tag="040" ind1=" " ind2=" ">
   <subfield code="a">GR-PeUP</subfield>
  </datafield>
  <datafield tag="082" ind1="0" ind2="0">
   <subfield code="a">333.92 ΚΑΛ</subfield>
  </datafield>
  <datafield tag="100" ind1="1" ind2=" ">
   <subfield code="a">Καλδέλλης, Ιωάννης Κλ.</subfield>
  </datafield>
  <datafield tag="245" ind1="1" ind2="0">
   <subfield code="a">Διαχείριση της αιολικής ενέργειας :</subfield>
   <subfield code="b">θεωρία, υποδειγματικά παραδείγματα, ερωτήσεις κατανόησης-εμβάθυνσης, άλυτα προβλήματα, στοιχεία αγοράς, αιολικές μηχανές, μελέτη αιολικού δυναμικού, ενεργειακή παραγωγή, νομοθετικό πλαίσιο, χρηματοδοτικές ευκαιρίες /</subfield>
   <subfield code="c">Ιωάννης Κλεάνθη Καλδέλλης.</subfield>
  </datafield>
  <datafield tag="250" ind1=" " ind2=" ">
   <subfield code="a">2η έκδοση, ανανεωμένη με τα πλέον πρόσφατα στοιχεία.</subfield>
  </datafield>
  <datafield tag="260" ind1="0" ind2=" ">
   <subfield code="a">Αθήνα :</subfield>
   <subfield code="b">Αθ. Σταμούλης,</subfield>
   <subfield code="c">2005.</subfield>
  </datafield>
  <datafield tag="300" ind1=" " ind2=" ">
   <subfield code="a">594 σ. ;</subfield>
   <subfield code="c">24 εκ.</subfield>
  </datafield>
  <datafield tag="500" ind1=" " ind2=" ">
   <subfield code="a">Τίτλος απο το εξώφυλλο: Διαχείριση της αιολικής ενέργειας :μελέτη αιολικού δυναμικού, στοιχεία αγοράς, νομοθετικό πλαίσιο, χρηματοδοτικές ευκαιρίες, θεωρία-υποδειγματικά παραδείγματα, άλυτα προβλήματα..</subfield>
  </datafield>
  <datafield tag="504" ind1=" " ind2=" ">
   <subfield code="a">Περιέχει βιβλιογραφία.</subfield>
  </datafield>
  <datafield tag="650" ind1=" " ind2="4">
   <subfield code="a">Αιολική ενέργεια.</subfield>
  </datafield>
  <datafield tag="650" ind1=" " ind2="4">
   <subfield code="a">Ενεργειακή πολιτική.</subfield>
  </datafield>
  <datafield tag="650" ind1=" " ind2="4">
   <subfield code="a">Ενέργεια</subfield>
   <subfield code="x">Δίκαιο και νομοθεσία.</subfield>
  </datafield>
  <datafield tag="852" ind1=" " ind2=" ">
   <subfield code="a">INST</subfield>
   <subfield code="b">UNIPILB</subfield>
   <subfield code="c">MAIN</subfield>
   <subfield code="e">20140108</subfield>
   <subfield code="h">333.92 ΚΑΛ</subfield>
   <subfield code="p">00170088</subfield>
   <subfield code="q">00170088</subfield>
   <subfield code="t">LOAN</subfield>
   <subfield code="y">0</subfield>
   <subfield code="4">1</subfield>
  </datafield>
 </record>
</collection>
